Automoribundia: 1888-1948
Tallennettuna:
| Päätekijä: | |
|---|---|
| Aineistotyyppi: | Kirja |
| Kieli: | espanja |
| Julkaistu: |
Buenos Aires
Sudamericana
1948
|
| Aiheet: | |
| Tagit: |
Lisää tagi
Ei tageja, Lisää ensimmäinen tagi!
|
MARC
| LEADER | 00000cam a2200000 a 4500 | ||
|---|---|---|---|
| 001 | UCQ9913 | ||
| 003 | CL-VaPUC | ||
| 008 | 990127e19480000AG |||||||||||||||||spa|d | ||
| 082 | 0 | 4 | |a 863 |b GOM |2 21 |
| 100 | 0 | |a Gómez de la Serna, Ramón |e author |9 344182 | |
| 245 | 1 | 0 | |a Automoribundia: 1888-1948 |
| 300 | |a 829 p | ||
| 942 | |c BK | ||
| 945 | |d 19990127 00:00:00 |a cmena | ||
| 260 | |a Buenos Aires |b Sudamericana |c 1948 | ||
| 650 | 0 | |a Novelas españolas |9 265052 | |
| 650 | 0 | |a Literatura española |9 306261 | |
| 650 | 0 | |a Autobiografías |9 265171 | |
| 583 | |a last modification |c 20140703 01:39:01 |k Rodrigo Vera | ||
| 999 | |c 278813 |d 278811 | ||
| 952 | |0 0 |1 0 |4 0 |6 863_000000000000000_GOM_1948 |7 0 |8 A |9 317595 |a FDOPOS |b FDOPOS |d 2019-11-20 |i 1321374 |o 863 GOM 1948 |p 1321374 |r 2025-01-22 |w 2019-11-20 |y BK |k MLH | ||
| 952 | |0 0 |1 0 |3 erd |4 0 |6 863_000000000000000_GOM_1948 |7 0 |8 A |9 317596 |a BIBEDU |b BIBEDU |i 5048389 |o 863 GOM 1948 |p 5048389 |r 2019-11-20 |w 2019-11-20 |y BK |z Catalogado en:20140703 |k LIT | ||